| 000 | 00000nam 2200000zi 4500 |
| 001 | 9.940664 |
| 003 | CaOODSP |
| 005 | 20250403102725 |
| 006 | m o d f |
| 007 | cr cn||||||||| |
| 008 | 240717t20242024onca obs f000 0 fre d |
| 020 | |a9780660728179 |
| 040 | |aCaOODSP|bfre|erda|cCaOODSP |
| 043 | |an-cn--- |
| 086 | 1 |aCS11-627/2024-33F-PDF |
| 245 | 02|aL’évolution du bien-être mental et financier des Canadiens et Canadiennes, 2021 à 2024. |
| 264 | 1|a[Ottawa] : |bStatistique Canada = Statistics Canada, |c[2024] |
| 264 | 4|c©2024 |
| 300 | |a1 ressource en ligne (1 page non numérotée) : |billustrations |
| 336 | |atexte|btxt|2rdacontent/fre |
| 337 | |ainformatique|bc|2rdamedia/fre |
| 338 | |aressource en ligne|bcr|2rdacarrier/fre |
| 500 | |aTitre de départ. |
| 500 | |aPublié aussi en anglais sous le titre : Charting changes in Canadians’ mental and financial well-being, 2021 to 2024. |
| 504 | |aComprend des références bibliographiques. |
| 520 | |a« Cette infographie examine le déclin du bien-être des Canadiens au cours des dernières années et la façon dont ces changements varient selon les différents segments de la population. La satisfaction à l'égard de la vie, les difficultés financières et les perspectives d'avenir, qui sont des indicateurs clés de la qualité de vie, sont présentés » -- Fourni par l'éditeur. |
| 650 | 6|aSatisfaction|zCanada|vStatistiques. |
| 650 | 6|aQualité de la vie|zCanada|vStatistiques. |
| 650 | 6|aFinances personnelles|zCanada|vStatistiques. |
| 650 | 6|aEnquêtes sociales|zCanada|vStatistiques. |
| 655 | 7|aStatistiques|2rvmgf |
| 710 | 2 |aStatistique Canada, |eorganisme de publication. |
| 775 | 08|tCharting changes in Canadians' mental and financial well-being, 2021 to 2024.|w(CaOODSP)9.940663 |
| 856 | 40|qPDF|s202 Ko|uhttps://publications.gc.ca/collections/collection_2024/statcan/11-627-m/11-627-m2024033-fra.pdf |
| 856 | 4 |qHTML|sS.O.|uhttps://www150.statcan.gc.ca/n1/pub/11-627-m/11-627-m2024033-fra.htm |